[Event "Campeonato del Mundo sub-20 2010 Fem."]
[Site "Chotowa-Czarna, Poland"]
[Date "2010.08.14"]
[Round "11.21"]
[White "Exler, Veronika"]
[Black "Kaya, Emel"]
[Result "1-0"]
[WhiteElo "2143"]
[BlackElo "2015"]
[PlyCount "123"]
[EventDate "2010.08.03"]
[EventType "swiss"]
[EventRounds "13"]
[EventCountry "POL"]
[Source "lmi"]
[SourceDate "2010.08.03"]

1. d4 Nf6 2. Nf3 g6 3. c4 Bg7 4. g3 O-O 5. Bg2 d6 6. Nc3 c6 7. O-O Qa5 8. e4
Bg4 9. h3 Bxf3 10. Qxf3 Nfd7 11. Rd1 e5 12. d5 Qb4 13. Qe2 Nb6 14. Bf1 cxd5 15.
Nxd5 Nxd5 16. Rxd5 Nc6 17. Be3 Nd4 18. Bxd4 exd4 19. Rb5 Qa4 20. Rxb7 Rfb8 21.
b3 Qa3 22. Rxb8+ Rxb8 23. Rd1 a5 24. Qc2 Qb4 25. Bd3 Qa3 26. Rb1 Qb4 27. Kf1
Rb6 28. Qc1 Qc3 29. Ke2 Qxc1 30. Rxc1 Rb4 31. Bc2 Rb6 32. Kd3 Kf8 33. Rb1 Ke7
34. a3 Kd7 35. b4 Kc7 36. f4 Rb8 37. Rb3 Bf6 38. c5 dxc5 39. bxc5 Rxb3+ 40.
Bxb3 Kc6 41. Kc4 d3 42. Kxd3 Bb2 43. a4 f6 44. Bg8 Kxc5 45. Bxh7 g5 46. Bf5 Bc1
47. fxg5 fxg5 48. e5 Kd5 49. e6 Kd6 50. Ke4 Bd2 51. Bg4 Be1 52. Kf5 Ke7 53.
Kxg5 Bxg3 54. h4 Be5 55. Kg6 Bc3 56. h5 Bb2 57. h6 Kf8 58. Kh7 Bc1 59. e7+ Kxe7
60. Kg7 Bb2+ 61. Kg8 Bd4 62. h7 1-0

[Event "Campeonato del Mundo sub-20 2010 Fem."]
[Site "Chotowa-Czarna, Poland"]
[Date "2010.08.14"]
[Round "11.22"]
[White "Newrkla, Katharina"]
[Black "Guadamuro Torrente, Anabel"]
[Result "0-1"]
[WhiteElo "2105"]
[BlackElo "2137"]
[PlyCount "68"]
[EventDate "2010.08.03"]
[EventType "swiss"]
[EventRounds "13"]
[EventCountry "POL"]
[Source "lmi"]
[SourceDate "2010.08.03"]

1. e4 e5 2. Nf3 Nc6 3. Bb5 Nd4 4. Nxd4 exd4 5. O-O c6 6. Bc4 Nf6 7. d3 d5 8.
exd5 Nxd5 9. Re1+ Be7 10. Nd2 O-O 11. h3 Be6 12. Nf3 Bf6 13. Bd2 a5 14. a4 Re8
15. Re4 Qb6 16. Ra3 Qc5 17. Rb3 Reb8 18. Qe1 h6 19. c3 dxc3 20. bxc3 Bf5 21.
Re2 b5 22. axb5 a4 23. Rb2 a3 24. Ra2 cxb5 25. Bxd5 Qxd5 26. Bf4 Rc8 27. Be5
Bxe5 28. Nxe5 Bxd3 29. Red2 Rxc3 30. Qe3 Re8 31. f4 f6 32. Rxd3 Rxd3 33. Qxd3
Qxa2 34. Qd7 Qe6 0-1

[Event "Campeonato del Mundo sub-20 2010 Fem."]
[Site "Chotowa-Czarna, Poland"]
[Date "2010.08.14"]
[Round "11.23"]
[White "Jablonska, Sabina"]
[Black "Mareckova, Martina"]
[Result "1-0"]
[WhiteElo "1876"]
[BlackElo "2095"]
[PlyCount "93"]
[EventDate "2010.08.03"]
[EventType "swiss"]
[EventRounds "13"]
[EventCountry "POL"]
[Source "lmi"]
[SourceDate "2010.08.03"]

1. e4 g6 2. d4 Bg7 3. c4 d6 4. Nc3 Nf6 5. f3 O-O 6. Be3 Nbd7 7. Qd2 e5 8. d5 a5
9. Bd3 Nc5 10. Bc2 Ne8 11. Nge2 f5 12. O-O-O fxe4 13. Nxe4 Nxe4 14. Bxe4 Nf6
15. Nc3 Nxe4 16. Nxe4 Qe8 17. Nc3 Bd7 18. h4 b5 19. c5 b4 20. Ne4 Bf5 21. c6
Qb8 22. g4 Bxe4 23. fxe4 Qb5 24. Qd3 Qb8 25. Rdf1 a4 26. h5 b3 27. a3 Qd8 28.
hxg6 hxg6 29. Qe2 Qe7 30. Qh2 Rxf1+ 31. Rxf1 Rf8 32. Rxf8+ Bxf8 33. Kd2 Qd8 34.
Qf2 Be7 35. Qe2 Bg5 36. Kc3 Bxe3 37. Qxe3 Qh4 38. Qe2 Qh1 39. Kb4 Qc1 40. Kxa4
Qc2 41. Qb5 Qxb2 42. Qb8+ Kg7 43. Qxc7+ Kh6 44. Qb6 Qc2 45. Qxb3 Qxe4+ 46. Ka5
Qd4 47. Ka6 1-0

[Event "Campeonato del Mundo sub-20 2010 Fem."]
[Site "Chotowa-Czarna, Poland"]
[Date "2010.08.14"]
[Round "11.24"]
[White "Butuc, Maria"]
[Black "Rysbayeva, Nazerke"]
[Result "1-0"]
[WhiteElo "2220"]
[BlackElo "2052"]
[PlyCount "83"]
[EventDate "2010.08.03"]
[EventType "swiss"]
[EventRounds "13"]
[EventCountry "POL"]
[Source "lmi"]
[SourceDate "2010.08.03"]

1. e4 c6 2. c4 d5 3. exd5 cxd5 4. cxd5 Nf6 5. Qa4+ Bd7 6. Qb3 Qc7 7. Nc3 g6 8.
Bc4 Bf5 9. Nge2 Bg7 10. d3 O-O 11. Bf4 Qd7 12. O-O Nh5 13. Be3 Nf6 14. Rac1 Ng4
15. Bf4 Ne5 16. Bb5 Qd8 17. d4 Ng4 18. Bc4 Qd7 19. h3 Nf6 20. g4 Bxg4 21. hxg4
Qxg4+ 22. Bg3 h5 23. f3 Qh3 24. Kf2 h4 25. Bf4 Qf5 26. Qc2 Qd7 27. Rh1 Nh5 28.
Be5 Bh6 29. Rcg1 Na6 30. Rxh4 Nb4 31. Qb1 Qc8 32. Rxh5 Bg7 33. Bxg7 Kxg7 34.
Bd3 Nxd3+ 35. Qxd3 a5 36. d6 exd6 37. Rhg5 Qe8 38. Nf4 Rh8 39. d5 Rh2+ 40. R1g2
Rxg2+ 41. Rxg2 Kf8 42. Qd4 1-0

[Event "Campeonato del Mundo sub-20 2010 Fem."]
[Site "Chotowa-Czarna, Poland"]
[Date "2010.08.14"]
[Round "11.25"]
[White "Rysbayeva, Aigerim"]
[Black "Zmarzly, Aleksandra"]
[Result "1/2-1/2"]
[WhiteElo "2209"]
[BlackElo "2026"]
[PlyCount "53"]
[EventDate "2010.08.03"]
[EventType "swiss"]
[EventRounds "13"]
[EventCountry "POL"]
[Source "lmi"]
[SourceDate "2010.08.03"]

1. e4 e6 2. d4 d5 3. Nd2 Nf6 4. Bd3 c5 5. c3 Nc6 6. e5 Nd7 7. Ne2 cxd4 8. cxd4
f6 9. exf6 Nxf6 10. Nf3 Bd6 11. O-O O-O 12. Bf4 Bxf4 13. Nxf4 Ne4 14. Qc1 Ng5
15. Nxg5 Qxg5 16. Ne2 Qf6 17. Qe3 a6 18. Rad1 Bd7 19. Qh3 g6 20. Bb1 Rf7 21.
Qe3 Re8 22. Nc3 Qh4 23. f4 Qh6 24. Qd2 Ref8 25. Ne2 Qg7 26. Rf3 Qf6 27. Rg3
1/2-1/2

[Event "Campeonato del Mundo sub-20 2010 Fem."]
[Site "Chotowa-Czarna, Poland"]
[Date "2010.08.14"]
[Round "11.26"]
[White "Uta, Adeline-ramona"]
[Black "Kasperek, Joanna"]
[Result "1/2-1/2"]
[WhiteElo "2099"]
[BlackElo "2001"]
[PlyCount "67"]
[EventDate "2010.08.03"]
[EventType "swiss"]
[EventRounds "13"]
[EventCountry "POL"]
[Source "lmi"]
[SourceDate "2010.08.03"]

1. e4 c5 2. Nf3 e6 3. d4 cxd4 4. Nxd4 a6 5. Nc3 b5 6. Be3 d6 7. f3 Nf6 8. g4
Bb7 9. g5 Nfd7 10. Qd2 Nc6 11. O-O-O Rc8 12. Kb1 Nde5 13. Qf2 Be7 14. h4 Qc7
15. Rg1 Nxd4 16. Bxd4 b4 17. f4 bxc3 18. fxe5 dxe5 19. Bb6 Bc5 20. Bxc5 Qxc5
21. Qxc5 Rxc5 22. Bd3 cxb2 23. Kxb2 Ke7 24. Rb1 a5 25. Ka1 Bc6 26. Rb6 Rd8 27.
Rgb1 f6 28. gxf6+ gxf6 29. Rg1 Kf7 30. h5 Rg8 31. Rbb1 Rxg1 32. Rxg1 f5 33. Kb2
Bxe4 34. Bxe4 1/2-1/2

[Event "Campeonato del Mundo sub-20 2010 Fem."]
[Site "Chotowa-Czarna, Poland"]
[Date "2010.08.14"]
[Round "11.28"]
[White "Correa, Jaqueline Pamplona"]
[Black "Osmanodja, Filiz"]
[Result "1/2-1/2"]
[WhiteElo "1928"]
[BlackElo "2061"]
[PlyCount "58"]
[EventDate "2010.08.03"]
[EventType "swiss"]
[EventRounds "13"]
[EventCountry "POL"]
[Source "lmi"]
[SourceDate "2010.08.03"]

1. e4 c5 2. Nf3 d6 3. d4 cxd4 4. Nxd4 Nf6 5. Nc3 Nc6 6. Bg5 e6 7. Qd2 Qb6 8.
O-O-O Qxd4 9. Qxd4 Nxd4 10. Rxd4 a6 11. Be2 Bd7 12. f4 Bc6 13. Bf3 h6 14. Bh4
e5 15. fxe5 dxe5 16. Rd3 Be7 17. Bg3 Nd7 18. Nd5 Bd8 19. Nb4 Bb5 20. Rd5 Bc7
21. Rhd1 Rd8 22. b3 h5 23. c4 Bc6 24. R5d3 g5 25. Nxc6 bxc6 26. h3 Ke7 27. Bf2
Ke6 28. g4 h4 29. Be3 f6 1/2-1/2

[Event "Campeonato del Mundo sub-20 2010 Fem."]
[Site "Chotowa-Czarna, Poland"]
[Date "2010.08.14"]
[Round "11.29"]
[White "Deur, Zrinka"]
[Black "Orehek, Spela"]
[Result "1/2-1/2"]
[WhiteElo "2061"]
[BlackElo "1883"]
[PlyCount "100"]
[EventDate "2010.08.03"]
[EventType "swiss"]
[EventRounds "13"]
[EventCountry "POL"]
[Source "lmi"]
[SourceDate "2010.08.03"]

1. e4 c5 2. Nf3 Nc6 3. d4 cxd4 4. Nxd4 g6 5. Nc3 Bg7 6. Be3 Nf6 7. Bc4 O-O 8.
Bb3 a5 9. a4 Ng4 10. Nxc6 Nxe3 11. Nxd8 Nxd1 12. Nxd1 Rxd8 13. c3 Ra6 14. Ne3
e6 15. O-O-O Bh6 16. Rhe1 d6 17. Kc2 Bd7 18. Ng4 Bf8 19. Nf6+ Kg7 20. Nxd7 Rxd7
21. Bc4 Ra8 22. Rd3 Rc7 23. Bb5 Rc5 24. Kb1 b6 25. f4 Rac8 26. g4 h6 27. Rf1
R5c7 28. f5 exf5 29. exf5 g5 30. f6+ Kg8 31. h4 gxh4 32. Rh1 Rc5 33. Rxh4 Re5
34. Rh1 Rcc5 35. Bd7 Rcd5 36. Rxd5 Rxd5 37. Re1 Re5 38. Rxe5 dxe5 39. Kc2 e4
40. Bc6 Bd6 41. Bxe4 Be5 42. b4 axb4 43. cxb4 Bxf6 44. Kd3 Kg7 45. Kc4 Bh4 46.
a5 bxa5 47. bxa5 Bf2 48. Bd5 Kg6 49. Kd3 f5 50. Ke2 Ba7 1/2-1/2

[Event "Campeonato del Mundo sub-20 2010 Fem."]
[Site "Chotowa-Czarna, Poland"]
[Date "2010.08.14"]
[Round "11.31"]
[White "Skrzypczak, Anna"]
[Black "Guo, Emma"]
[Result "1/2-1/2"]
[WhiteElo "2028"]
[BlackElo "1965"]
[PlyCount "81"]
[EventDate "2010.08.03"]
[EventType "swiss"]
[EventRounds "13"]
[EventCountry "POL"]
[Source "lmi"]
[SourceDate "2010.08.03"]

1. Nf3 c5 2. c4 Nc6 3. Nc3 g6 4. e3 Bg7 5. d4 cxd4 6. exd4 d6 7. h3 Nh6 8. d5
Nb8 9. Bf4 Nd7 10. Qd2 Ng8 11. Be2 Ngf6 12. O-O O-O 13. Rac1 Nc5 14. b4 Nce4
15. Nxe4 Nxe4 16. Qe3 Nf6 17. Qb3 b6 18. Rfd1 Bb7 19. Nd4 Rc8 20. Bf3 Nd7 21.
Nc6 Bxc6 22. dxc6 Ne5 23. c5 bxc5 24. bxc5 Nxc6 25. cxd6 Nd4 26. Rxc8 Qxc8 27.
Qd5 Nxf3+ 28. Qxf3 exd6 29. Rxd6 Qf5 30. Ra6 Bd4 31. Be3 Qb1+ 32. Kh2 Qb8+ 33.
Bf4 Be5 34. Bxe5 Qxe5+ 35. Qg3 Qd4 36. Qe3 Qxe3 37. fxe3 Re8 38. Rxa7 Rxe3 39.
Ra5 Kg7 40. Ra6 f5 41. a4 1/2-1/2

[Event "Campeonato del Mundo sub-20 2010 Fem."]
[Site "Chotowa-Czarna, Poland"]
[Date "2010.08.14"]
[Round "11.33"]
[White "Ursente, Maria-eugenia"]
[Black "Misovic, Sanja"]
[Result "1/2-1/2"]
[WhiteElo "1978"]
[BlackElo "1907"]
[PlyCount "50"]
[EventDate "2010.08.03"]
[EventType "swiss"]
[EventRounds "13"]
[EventCountry "POL"]
[Source "lmi"]
[SourceDate "2010.08.03"]

1. d4 Nf6 2. c4 e6 3. Nf3 b6 4. a3 Bb7 5. Nc3 Ne4 6. Qc2 f5 7. g3 d6 8. Bg2 Be7
9. h4 Nxc3 10. Qxc3 Bf6 11. O-O h6 12. Nd2 Bxg2 13. Kxg2 Nc6 14. e3 e5 15. dxe5
Bxe5 16. Qc2 O-O 17. Nf3 Qd7 18. Bd2 Qe6 19. Rad1 Bf6 20. b3 Qe4 21. Qxe4 fxe4
22. Ng1 Bb2 23. Bc1 Bxc1 24. Rxc1 Ne5 25. Rcd1 Nd3 1/2-1/2

[Event "Campeonato del Mundo sub-20 2010 Fem."]
[Site "Chotowa-Czarna, Poland"]
[Date "2010.08.14"]
[Round "11.34"]
[White "Lis, Marcelina"]
[Black "Tomaszewska, Luiza"]
[Result "1/2-1/2"]
[WhiteElo "1905"]
[BlackElo "1968"]
[PlyCount "79"]
[EventDate "2010.08.03"]
[EventType "swiss"]
[EventRounds "13"]
[EventCountry "POL"]
[Source "lmi"]
[SourceDate "2010.08.03"]

1. e4 c5 2. Nf3 e6 3. d4 cxd4 4. Nxd4 Nf6 5. Bd3 Nc6 6. Be3 Be7 7. O-O O-O 8.
Nc3 d5 9. exd5 Nxd5 10. Nxc6 bxc6 11. Bd2 Nxc3 12. Bxc3 Bf6 13. Bxf6 Qxf6 14.
c3 g6 15. Be4 Rb8 16. Qc2 c5 17. b3 Ba6 18. Rfd1 Rfd8 19. Bf3 h5 20. h3 Kg7 21.
Rab1 e5 22. a4 Rxd1+ 23. Rxd1 Bc8 24. Bd5 Qg5 25. Qd2 Qxd2 26. Rxd2 Kf6 27. Bc4
Be6 28. Rd6 Rb6 29. Rxb6 axb6 30. Bxe6 Kxe6 31. Kf1 Kd6 32. Ke2 f5 33. f3 h4
34. Ke3 Kc6 35. Kd3 Kd5 36. b4 c4+ 37. Ke3 f4+ 38. Kd2 g5 39. Kc2 Kc6 40. Kd2
1/2-1/2

[Event "Campeonato del Mundo sub-20 2010 Fem."]
[Site "Chotowa-Czarna, Poland"]
[Date "2010.08.14"]
[Round "11.35"]
[White "Anu, Bayar"]
[Black "Oliver, Tamzin L"]
[Result "1/2-1/2"]
[WhiteElo "1935"]
[BlackElo "1737"]
[PlyCount "86"]
[EventDate "2010.08.03"]
[EventType "swiss"]
[EventRounds "13"]
[EventCountry "POL"]
[Source "lmi"]
[SourceDate "2010.08.03"]

1. d4 Nf6 2. c4 e6 3. Nf3 b6 4. g3 Bb7 5. Bg2 Be7 6. O-O d5 7. Nc3 O-O 8. Ne5
Na6 9. a3 c5 10. e3 Ne4 11. Qc2 Nxc3 12. Qxc3 Rc8 13. b3 Qc7 14. Bb2 Bf6 15.
Ng4 Qe7 16. Qd2 cxd4 17. Nxf6+ Qxf6 18. Bxd4 Qe7 19. cxd5 Bxd5 20. e4 Bb7 21.
b4 Rfd8 22. Qb2 f6 23. Rfd1 e5 24. Be3 Nc7 25. f3 Ne8 26. Bh3 Rxd1+ 27. Rxd1
Rd8 28. Qb3+ Kh8 29. Rc1 Nd6 30. a4 Bc8 31. Bxc8 Rxc8 32. Rxc8+ Nxc8 33. a5 Qd7
34. Qc4 h6 35. Kf2 Kh7 36. axb6 Nxb6 37. Qa6 Qc7 38. Bc5 Kg8 39. Qa2+ Kh7 40.
Qe6 Na4 41. Qd6 Qb7 42. Qd5 Qc7 43. Qd6 Qb7 1/2-1/2

[Event "Campeonato del Mundo sub-20 2010 Fem."]
[Site "Chotowa-Czarna, Poland"]
[Date "2010.08.14"]
[Round "11.36"]
[White "Vanhuyse, Nele"]
[Black "Krumova, Ani"]
[Result "1/2-1/2"]
[WhiteElo "1779"]
[BlackElo "1916"]
[PlyCount "79"]
[EventDate "2010.08.03"]
[EventType "swiss"]
[EventRounds "13"]
[EventCountry "POL"]
[Source "lmi"]
[SourceDate "2010.08.03"]

1. e4 Nc6 2. Nf3 f5 3. exf5 d5 4. Bb5 Bxf5 5. Ne5 Qd6 6. d4 Nf6 7. O-O Nd7 8.
Nxc6 bxc6 9. Bd3 Bxd3 10. Qxd3 g6 11. Re1 Bg7 12. Bg5 Nf6 13. c3 O-O 14. Nd2
Ng4 15. Nf3 Rae8 16. h3 Nf6 17. Qa6 Ne4 18. Be3 Qd7 19. Ne5 Bxe5 20. dxe5 Rf5
21. f3 Ng5 22. Bxg5 Rxg5 23. f4 Rf5 24. Qxa7 Rxf4 25. a4 Rff8 26. a5 Ra8 27.
Qc5 e6 28. Rf1 Rfb8 29. b4 Rb5 30. Qf2 Qe7 31. Qf6 Qxf6 32. Rxf6 c5 33. Rxe6
cxb4 34. cxb4 Rxb4 35. Rc6 Rb5 36. a6 Ra7 37. Rxc7 Rxc7 38. a7 Rxa7 39. Rxa7 d4
40. Rd7 1/2-1/2

[Event "Campeonato del Mundo sub-20 2010 Fem."]
[Site "Chotowa-Czarna, Poland"]
[Date "2010.08.14"]
[Round "11.38"]
[White "Ferreira, Susana Carolina G"]
[Black "Lepeskaite, Migle"]
[Result "0-1"]
[WhiteElo "1726"]
[BlackElo "1801"]
[PlyCount "100"]
[EventDate "2010.08.03"]
[EventType "swiss"]
[EventRounds "13"]
[EventCountry "POL"]
[Source "lmi"]
[SourceDate "2010.08.03"]

1. e4 e5 2. Nf3 Nf6 3. Nc3 Nc6 4. d4 exd4 5. Nxd4 Bb4 6. Nxc6 bxc6 7. Bd3 d5 8.
exd5 cxd5 9. O-O O-O 10. Bg5 c6 11. Qf3 Be7 12. Rae1 Re8 13. h3 Be6 14. Re2 h6
15. Bf4 Bd6 16. Bxd6 Qxd6 17. Rfe1 a5 18. a3 Rab8 19. Nd1 Rb7 20. c3 Reb8 21.
Bf5 Bxf5 22. Qxf5 Ne4 23. g3 g6 24. Qf4 Qxf4 25. gxf4 a4 26. Kg2 Kf8 27. Rc2
Nd6 28. Ree2 Nc4 29. Kf3 Kg7 30. Kg3 Kf6 31. h4 Rb3 32. Kg2 R8b7 33. f3 Kf5 34.
Kg3 R3b6 35. Rg2 Rb8 36. Rge2 R6b7 37. Rg2 c5 38. Rge2 Kf6 39. Kf2 Rb6 40. Ne3
Nxe3 41. Kxe3 Kf5 42. Kf2 Kxf4 43. Re7 R6b7 44. Ree2 Rd7 45. Rcd2 Rbd8 46. Rd1
g5 47. hxg5 hxg5 48. Rg1 f5 49. Rc1 Rh7 50. Kg2 Rdh8 0-1

[Event "Campeonato del Mundo sub-20 2010 Fem."]
[Site "Chotowa-Czarna, Poland"]
[Date "2010.08.15"]
[Round "12.1"]
[White "Cori Tello, Deysi Estela"]
[Black "Muzychuk, Anna"]
[Result "1-0"]
[WhiteElo "2403"]
[BlackElo "2527"]
[PlyCount "73"]
[EventDate "2010.08.03"]
[EventType "swiss"]
[EventRounds "13"]
[EventCountry "POL"]
[Source "lmi"]
[SourceDate "2010.08.03"]

1. d4 Nf6 2. c4 e6 3. Nf3 c5 4. d5 b5 5. Bg5 exd5 6. cxd5 d6 7. e4 a6 8. a4 Be7
9. Bd3 Nxd5 10. exd5 Bxg5 11. O-O O-O 12. Nxg5 Qxg5 13. axb5 Bb7 14. Nc3 axb5
15. Rxa8 Bxa8 16. Bxb5 Bb7 17. Qd3 Qe7 18. Ra1 Nd7 19. Ra7 Ne5 20. Qe4 f5 21.
Qb1 g6 22. Bc6 Rb8 23. h3 Qc7 24. Qa2 Nf7 25. Qa4 Qb6 26. b3 Kf8 27. Nb5 g5 28.
Qa1 Bxc6 29. dxc6 Qxb5 30. Qf6 Qxb3 31. Rxf7+ Qxf7 32. Qxd6+ Qe7 33. Qxb8+ Kf7
34. Qb7 Kf6 35. c7 Qe1+ 36. Kh2 Qxf2 37. c8=Q 1-0

[Event "Campeonato del Mundo sub-20 2010 Fem."]
[Site "Chotowa-Czarna, Poland"]
[Date "2010.08.15"]
[Round "12.2"]
[White "Guramishvili, Sopiko"]
[Black "Girya, Olga"]
[Result "0-1"]
[WhiteElo "2298"]
[BlackElo "2376"]
[PlyCount "58"]
[EventDate "2010.08.03"]
[EventType "swiss"]
[EventRounds "13"]
[EventCountry "POL"]
[Source "lmi"]
[SourceDate "2010.08.03"]

1. d4 d5 2. c4 c6 3. Nf3 Nf6 4. Nc3 dxc4 5. a4 Bf5 6. e3 e6 7. Bxc4 Bb4 8. O-O
O-O 9. Qe2 Bg4 10. Rd1 Nbd7 11. e4 Qe7 12. h3 Bh5 13. Bg5 h6 14. Bh4 e5 15. d5
Rfd8 16. a5 Qc5 17. a6 Bxf3 18. gxf3 b5 19. Ba2 Bxc3 20. bxc3 cxd5 21. Bxd5
Rab8 22. Rd3 Qe7 23. Bb7 Nf8 24. Rxd8 Rxd8 25. Rd1 Rxd1+ 26. Qxd1 Ng6 27. Bg3
Nh5 28. Bc8 Nxg3 29. fxg3 Qc5+ 0-1

[Event "Campeonato del Mundo sub-20 2010 Fem."]
[Site "Chotowa-Czarna, Poland"]
[Date "2010.08.15"]
[Round "12.3"]
[White "Padmini, Rout"]
[Black "Melekhina, Alisa"]
[Result "1-0"]
[WhiteElo "2275"]
[BlackElo "2265"]
[PlyCount "81"]
[EventDate "2010.08.03"]
[EventType "swiss"]
[EventRounds "13"]
[EventCountry "POL"]
[Source "lmi"]
[SourceDate "2010.08.03"]

1. e4 e5 2. Nf3 Nc6 3. Bb5 a6 4. Ba4 Nf6 5. O-O Nxe4 6. d4 b5 7. Bb3 d5 8. dxe5
Be6 9. Qe2 Na5 10. Nbd2 Nxd2 11. Bxd2 Nc4 12. Bc1 Be7 13. c3 Bg4 14. h3 Bxf3
15. Qxf3 Nxe5 16. Qxd5 Qxd5 17. Bxd5 O-O-O 18. Be4 g6 19. a4 f5 20. Bc2 Nc4 21.
axb5 axb5 22. Re1 Bc5 23. Bd1 Rhe8 24. Rxe8 Rxe8 25. Kf1 Kb7 26. Be2 Nd6 27.
Bf4 b4 28. Bf3+ Ne4 29. cxb4 Bxb4 30. Rc1 c5 31. Rd1 Kc6 32. g4 Re7 33. gxf5
gxf5 34. Be2 Ba5 35. f3 Rf7 36. Bc4 Rf8 37. Rd5 h6 38. Kg2 Ng5 39. Rd6+ Kb7 40.
Rxh6 Bd8 41. Rg6 1-0

[Event "Campeonato del Mundo sub-20 2010 Fem."]
[Site "Chotowa-Czarna, Poland"]
[Date "2010.08.15"]
[Round "12.4"]
[White "Ohme, Melanie"]
[Black "Muminova, Nafisa"]
[Result "0-1"]
[WhiteElo "2326"]
[BlackElo "2290"]
[PlyCount "109"]
[EventDate "2010.08.03"]
[EventType "swiss"]
[EventRounds "13"]
[EventCountry "POL"]
[Source "lmi"]
[SourceDate "2010.08.03"]

1. e4 e6 2. d4 d5 3. Nc3 Nf6 4. e5 Nfd7 5. f4 c5 6. Nf3 Nc6 7. Be3 Qb6 8. Na4
Qa5+ 9. c3 cxd4 10. b4 Nxb4 11. cxb4 Bxb4+ 12. Bd2 Bxd2+ 13. Nxd2 O-O 14. Bd3
b5 15. Nb2 Nb6 16. Qh5 g6 17. Qe2 Nc4 18. Nd1 f6 19. h4 fxe5 20. fxe5 Bd7 21.
h5 g5 22. h6 Rf4 23. Rc1 Raf8 24. Rc2 Be8 25. Rh3 Rf1+ 26. Qxf1 Rxf1+ 27. Bxf1
Nxe5 28. Rc8 Kf8 29. Bd3 Nxd3+ 30. Rxd3 e5 31. Nf2 Ke7 32. Ng4 e4 33. Rxd4 Qxa2
34. Rxd5 Qxd5 35. Rxe8+ Kf7 36. Rxe4 a5 37. Ne3 Qc6 38. Nf3 Qc1+ 39. Kf2 a4 40.
Ne5+ Kf6 41. Nd7+ Kf7 42. Ne5+ Kg8 43. N3g4 Qd2+ 44. Kf3 Qd6 45. Nd7 a3 46.
Ndf6+ Kf7 47. Nxh7 Qd1+ 48. Kg3 Qd3+ 49. Re3 Qd6+ 50. Ne5+ Kg8 51. Nxg5 Qxh6
52. Kg4 Qd6 53. Nef7 Qd4+ 54. Re4 Qxe4+ 55. Nxe4 0-1

[Event "Campeonato del Mundo sub-20 2010 Fem."]
[Site "Chotowa-Czarna, Poland"]
[Date "2010.08.15"]
[Round "12.5"]
[White "Mammadova, Gulnar Marfat"]
[Black "Corke, Anya"]
[Result "1/2-1/2"]
[WhiteElo "2260"]
[BlackElo "2257"]
[PlyCount "55"]
[EventDate "2010.08.03"]
[EventType "swiss"]
[EventRounds "13"]
[EventCountry "POL"]
[Source "lmi"]
[SourceDate "2010.08.03"]

1. e4 c5 2. Nc3 e6 3. g3 d5 4. exd5 exd5 5. Bg2 Nf6 6. d3 d4 7. Nce2 Bd6 8. Nf3
O-O 9. O-O Nc6 10. c3 dxc3 11. bxc3 h6 12. d4 cxd4 13. Nfxd4 Nxd4 14. Nxd4 a6
15. Rb1 Qc7 16. Qf3 Qa5 17. h3 Be5 18. a3 Bxd4 19. cxd4 Bf5 20. Bd2 Qxd2 21.
Qxf5 Qxd4 22. Bxb7 Rad8 23. Qf3 Qa4 24. Rb4 Qa5 25. Qb3 Rd6 26. Ra4 Qf5 27. Kg2
a5 28. Rf4 1/2-1/2

[Event "Campeonato del Mundo sub-20 2010 Fem."]
[Site "Chotowa-Czarna, Poland"]
[Date "2010.08.15"]
[Round "12.6"]
[White "Severiukhina, Zoja"]
[Black "Nakhbayeva, Guliskhan"]
[Result "1/2-1/2"]
[WhiteElo "2341"]
[BlackElo "2216"]
[PlyCount "144"]
[EventDate "2010.08.03"]
[EventType "swiss"]
[EventRounds "13"]
[EventCountry "POL"]
[Source "lmi"]
[SourceDate "2010.08.03"]

1. e4 e6 2. d4 d5 3. Nc3 Nf6 4. Bg5 Bb4 5. e5 h6 6. Bd2 Bxc3 7. bxc3 Ne4 8. Qg4
g6 9. Bd3 Nxd2 10. Kxd2 c5 11. Nf3 c4 12. Be2 Nd7 13. h4 Qe7 14. a4 a5 15. Nh2
Nb6 16. Qf4 h5 17. g4 Bd7 18. gxh5 gxh5 19. Rhb1 Ra6 20. Nf1 Bc6 21. Ng3 Nxa4
22. Nxh5 Kd8 23. Nf6 Kc7 24. h5 Qf8 25. Qg3 b5 26. Rg1 Ra8 27. Qg7 Qe7 28. Rg3
b4 29. h6 Nxc3 30. Rxc3 bxc3+ 31. Ke3 a4 32. Bh5 Raf8 33. h7 Be8 34. f4 Qb4 35.
Qg1 Bc6 36. Qb1 Qb2 37. Qa2 Qxa2 38. Rxa2 Kb6 39. Kf3 Ka5 40. f5 Kb4 41. Kf4 a3
42. Kg5 Ba4 43. Bxf7 Rxf7 44. fxe6 Rg7+ 45. Kh6 Rg3 46. Nxd5+ Kb5 47. e7 Bb3
48. Nxc3+ Rxc3 49. Kg7 Rc8 50. cxb3 Rg3+ 51. Kf7 Rf3+ 52. Ke6 cxb3 53. Kd7 Rh8
54. Rxa3 Rxh7 55. Kd8 Rxe7 56. Kxe7 b2 57. Rxf3 b1=Q 58. Kf6 Qe4 59. Rb3+ Kc4
60. Ra3 Qf4+ 61. Ke7 Qg5+ 62. Kf7 Qf5+ 63. Ke7 Qh7+ 64. Kd6 Qh6+ 65. e6 Kxd4
66. Ra4+ Kd3 67. Kd7 Qh1 68. e7 Qb7+ 69. Kd8 Qb8+ 70. Kd7 Qb5+ 71. Kd8 Qb8+ 72.
Kd7 Qb5+ 1/2-1/2

[Event "Campeonato del Mundo sub-20 2010 Fem."]
[Site "Chotowa-Czarna, Poland"]
[Date "2010.08.15"]
[Round "12.7"]
[White "Bhakti, Kulkarni Pradip"]
[Black "Ziaziulkina, Nastassia"]
[Result "1-0"]
[WhiteElo "2249"]
[BlackElo "2293"]
[PlyCount "111"]
[EventDate "2010.08.03"]
[EventType "swiss"]
[EventRounds "13"]
[EventCountry "POL"]
[Source "lmi"]
[SourceDate "2010.08.03"]

1. d4 Nf6 2. Nf3 e6 3. Bg5 h6 4. Bh4 d6 5. Nbd2 g5 6. Bg3 Nh5 7. e4 Bg7 8. Qe2
Nd7 9. c3 Qe7 10. Ng1 Nxg3 11. hxg3 b6 12. Qe3 Bb7 13. Bd3 O-O-O 14. g4 Rde8
15. O-O-O f5 16. exf5 exf5 17. Qxe7 Rxe7 18. Bxf5 Bxg2 19. Rh2 Bd5 20. f4 gxf4
21. Nh3 Rhe8 22. Nxf4 Bf7 23. Kc2 Kb8 24. Nf3 Nf6 25. d5 Nxg4 26. Bxg4 Re4 27.
Bd7 R8e7 28. Ne6 Rxd7 29. Nxg7 Bg6 30. Kc1 Rxg7 31. Rg1 h5 32. Rhg2 Rg4 33.
Rxg4 hxg4 34. Rxg4 Rg8 35. c4 Bh7 36. Rf4 Rg7 37. Nd4 a5 38. Rf8+ Kb7 39. Ne6
Re7 40. Kd2 Bg6 41. a3 Be8 42. Kd3 c6 43. Ke4 cxd5+ 44. cxd5 Ba4 45. Rd8 Bc2+
46. Kd4 Bf5 47. Rxd6 Bxe6 48. dxe6 Kc7 49. Ke5 Rh7 50. Rd2 Rh1 51. e7 Rf1 52.
Ke6 Re1+ 53. Kf7 Rf1+ 54. Ke8 Re1 55. Rc2+ Kb7 56. Rc4 1-0

[Event "Campeonato del Mundo sub-20 2010 Fem."]
[Site "Chotowa-Czarna, Poland"]
[Date "2010.08.15"]
[Round "12.8"]
[White "Andrenko, Irina"]
[Black "Warakomska, Anna"]
[Result "1-0"]
[WhiteElo "2133"]
[BlackElo "2192"]
[PlyCount "123"]
[EventDate "2010.08.03"]
[EventType "swiss"]
[EventRounds "13"]
[EventCountry "POL"]
[Source "lmi"]
[SourceDate "2010.08.03"]

1. e4 e5 2. Nf3 Nc6 3. Bb5 a6 4. Ba4 Nf6 5. O-O Be7 6. Re1 b5 7. Bb3 d6 8. c3
O-O 9. h3 Na5 10. Bc2 c5 11. d4 Qc7 12. d5 Bd7 13. Nbd2 c4 14. Nf1 Nb7 15. Bd2
a5 16. Ng3 Nc5 17. Nh2 Rfb8 18. a3 Bf8 19. Nh5 Nxh5 20. Qxh5 g6 21. Qh4 Bg7 22.
Ng4 Bxg4 23. hxg4 f6 24. Rad1 Na6 25. g5 fxg5 26. Bxg5 Rf8 27. Re3 Rf7 28. Rh3
Bh8 29. Rf1 Raf8 30. Be3 Qe7 31. Qh6 Rb8 32. Bd1 Nc7 33. Bg4 Qf8 34. Qh4 Qe7
35. Qg3 Bg7 36. Be2 a4 37. Kh2 Bf6 38. Rh1 Rb7 39. Kg1 Kf8 40. Rh6 Ke8 41. Qh3
Na8 42. Qc8+ Qd8 43. Qc6+ Kf8 44. Bg4 Rfc7 45. Qa6 Rg7 46. Be6 Rgc7 47. R1h3
Rg7 48. Rf3 Ke8 49. Rxf6 Qxf6 50. Qxa8+ Qd8 51. Qxd8+ Kxd8 52. Bg5+ Ke8 53. Rh3
h5 54. Rf3 Rh7 55. Rf6 Ra7 56. Rxg6 Rhg7 57. Bf5 Rxg6 58. Bxg6+ Kd7 59. Bxh5
Ra8 60. Bg4+ Kc7 61. Be6 Rb8 62. g4 1-0